[Event "Enger Knappen Cup op-B"]
[Site "Enger"]
[Date "2009.12.30"]
[Round "7"]
[White "Bentel, Robin"]
[Black "Peters, Waldemar"]
[Result "0-1"]
[WhiteElo "1611"]
[BlackElo "1761"]
[PlyCount "64"]
[EventDate "2009.12.27"]
[EventType "swiss"]
[EventRounds "7"]
[EventCountry "GER"]
[SourceTitle "EXT 2011"]
[Source "ChessBase"]
[SourceDate "2010.11.26"]
[SourceVersion "1"]
[SourceVersionDate "2010.11.26"]
[SourceQuality "1"]

1. d4 f5 2. c4 Nf6 3. Nc3 e6 4. g3 d5 5. cxd5 exd5 6. Bg5 c6 7. Bg2 Be7 8. e3 0-0 9. Nf3 Ne4 10. Bxe7 Qxe7 11. 0-0 Be6 12. Ne5 Nd7 13. Nxd7 Qxd7 14. Rc1 Rf6 15. Na4 b6 16. Qe2 c5 17. Qa6 Qc6 18. Bxe4 Bc8 19. Qd3 fxe4 20. Qa3 Bh3 21. Rfd1 c4 22. b3 Qe6 23. f4 exf3 24. Kf2 Rh6 25. bxc4 Bg2 26. h4 Qg4 27. Qe7 Qh3 28. Qe5 Rf8 29. Qxd5+ Kh8 30. Qe5 Re6 31. Qc7 Bf1 32. Ke1 Qg2 0-1

[Event "Enger Knappen Cup op-B"]
[Site "Enger"]
[Date "2009.12.29"]
[Round "6"]
[White "Jung, Michael"]
[Black "Peters, Waldemar"]
[Result "1/2-1/2"]
[WhiteElo "1845"]
[BlackElo "1761"]
[PlyCount "51"]
[EventDate "2009.12.27"]
[EventType "swiss"]
[EventRounds "7"]
[EventCountry "GER"]
[SourceTitle "EXT 2011"]
[Source "ChessBase"]
[SourceDate "2010.11.26"]
[SourceVersion "1"]
[SourceVersionDate "2010.11.26"]
[SourceQuality "1"]

1. c4 e5 2. Nc3 Nc6 3. g3 d6 4. Bg2 Bd7 5. e4 Be7 6. Nge2 Nf6 7. h3 0-0 8. 0-0 Qc8 9. Kh2 Nd8 10. d3 Ne8 11. Nd5 Bf6 12. Nec3 c6 13. Nxf6+ Nxf6 14. f4 Ne8 15. f5 f6 16. b4 Nc7 17. a4 a6 18. Be3 Kh8 19. Qb3 Nf7 20. b5 axb5 21. axb5 Rxa1 22. Rxa1 cxb5 23. cxb5 g6 24. g4 Qe8 25. b6 Na6 26. Nd5 1/2-1/2